00531 2200193 4500001002100000005001500021035002000036245007400056100002400130300002600154260003600180082001300216084001900229020002200248600001600270990001700286990001700303990001700320INLIS00000000000151420260701084408 a0010-07260000031 aShalat Dhuha Jalan Langit Hidup Kaya dan Berkah /cMuhammad Makhdlori0 aMakhdlori, Muhammad a179 hlm ;c14 X 21 cm aYogyakarta :bDIVA Press,c2023 a297.3822 a297.3822 MAK s a978-623-293-762-8 4aShalat Dhua a4921/PP/2026 a4922/PP/2026 a4923/PP/2026